Destino del mundo, vocación del hombre

Gespeichert in:
Bibliographische Detailangaben
Format: Buch
Sprache:Spanisch
Veröffentlicht: Barcelona Nova Terra 1967
Ausgabe:1a. ed
Schriftenreihe:Colección 1967 Tiempo de Concilio
Schlagworte:
Tags: Tag hinzufügen
Keine Tags, Fügen Sie den ersten Tag hinzu!

MARC

LEADER 00000cam a2200000 a 4500
001 UCD2784
003 CL-VaPUC
008 160505e19670119sp |||||||||||||||||spa|d
082 0 4 |a 282  |b DES  |2 21 
245 1 0 |a Destino del mundo, vocación del hombre 
250 |a 1a. ed 
300 |a 299 p 
942 |c BK 
945 |d 20160505 16:04:00  |a arojas 
260 |a Barcelona  |b Nova Terra  |c 1967 
650 0 |a Historia de la iglesia católica   |9 310593 
650 0 |a Vocación religiosa  |9 392452 
583 |a last modification  |c 20160511 08:51:49  |k Rodrigo Vera 
490 0 |a Colección 1967 Tiempo de Concilio 
999 |c 363905  |d 363903 
952 |0 0  |1 0  |3 erb  |4 0  |6 282_000000000000000_DES_1967  |7 0  |8 A  |9 476738  |a BIBTEO  |b BIBTEO  |e Villagrán Garnham, Jorge  |i 5301998  |o 282 DES 1967  |p 5301998  |r 2024-01-18  |w 2019-11-24  |y BK  |z Catalogado en:20160505  |k ICR